000 00669cam a2200205 a 4500
020 _a007252815X (acidfree paper)
082 0 0 _a550
_bPLU
100 1 _aPlummer, Charles C.,
_943802
245 1 0 _aPhysical geology /
_cCharles C. Plummer, David McGeary.
250 _a10th ed. /
260 _aBoston :
_bMcGraw-Hill,
_cc2005.
300 _axix, 580 p. :
_bill. (some col.) ;
_c29 cm.
500 _aIncludes index.
526 _a0
_b0
_c0
_d550_000000000000000_PLU
650 0 _aPhysical geology.
_938587
700 1 _aCarlson, Diane H.
_943803
700 1 _aMcGeary, David.
_943804
856 4 1 _uhttp://www.loc.gov/catdir/toc/ecip049/2003020861.html
942 _2ddc
_cBK
999 _c547659
_d547659